The wonder that was India: (Record no. 15955)

MARC details
000 -LEADER
fixed length control field 01573nam a2200361 4500
005 - DATE AND TIME OF LATEST TRANSACTION
control field 20190802102208.0
010 ## - LCCN (DPL NO)
LC control number B-310261-271 B-710582 B-719516 B-728295
020 ## - INTERNATIONAL STANDARD BOOK NUMBER
International Standard Book Number 9780330439091
Terms of availability 395.00
020 ## - INTERNATIONAL STANDARD BOOK NUMBER
Terms of availability 599.00
035 ## - SYSTEM CONTROL NUMBER
System control number B-310261-271
035 ## - SYSTEM CONTROL NUMBER
System control number B-359064
035 ## - SYSTEM CONTROL NUMBER
System control number B-710582
035 ## - SYSTEM CONTROL NUMBER
System control number B-719516
035 ## - SYSTEM CONTROL NUMBER
System control number B-728295
037 ## - SOURCE OF ACQUISITION
Source of stock number/acquisition GDMK
037 ## - SOURCE OF ACQUISITION
Source of stock number/acquisition RK Books
037 ## - SOURCE OF ACQUISITION
Source of stock number/acquisition Aksharesh Enterprises
082 ## - DEWEY DECIMAL CLASSIFICATION NUMBER
Classification number 954
100 ## - MAIN ENTRY--PERSONAL NAME
Personal name Basham, A. L.
Fuller form of name (Arthur Llewellyn)
245 ## - TITLE STATEMENT
Title The wonder that was India:
Remainder of title a survey of the history and culture of the Indian sub-continent before the coming of the Muslims /
Statement of responsibility, etc by A. L. Basham
250 ## - EDITION STATEMENT
Edition statement 3rd rev. ed
260 ## - PUBLICATION, DISTRIBUTION, ETC. (IMPRINT)
Place of publication, distribution, etc London
Name of publisher, distributor, etc Picador
Date of publication, distribution, etc 2004
270 ## - ADDRESS
Address 20 New Wharf Road
City London
Postal code N1 9RR
300 ## - PHYSICAL DESCRIPTION
Extent xxxi, 572p.:
Other physical details ill.
Dimensions 23cm(pbk)
500 ## - GENERAL NOTE
General note Maps on endpapers.
504 ## - BIBLIOGRAPHY, ETC. NOTE
Bibliography, etc includes bibliographical references and index.
942 ## - ADDED ENTRY ELEMENTS (KOHA)
Source of classification or shelving scheme Dewey Decimal Classification
Item type English Books
Classification part 954
Call number suffix BAS
Holdings
Withdrawn status Lost status Not for loan Collection code Home library Current library Date acquired Source of acquisition Cost, normal purchase price Full call number Barcode Copy number Cost, replacement price Koha item type
      Non-fiction Central Library Central Library 16/04/2009 GDMK /113 /12.1.09 /233 /12.12.08 /13.1.09 395.00 954 BAS B-310261 1 395.00 English Books
      Non-fiction Janak Puri Janak Puri 01/10/2009 GDMK/084/26.9.09/98/4.9.09/26.9.09 395.00 954 BAS B-359064 1 395.00 English Books
      Non-fiction Karol Bagh Karol Bagh 16/04/2009 GDMK /113 /12.1.09 /233 /12.12.08 /13.1.09 395.00 954 BAS B-310270 1 395.00 English Books
      Non-fiction Kasturba Gandhi Marg Kasturba Gandhi Marg 16/04/2009 GDMK /113 /12.1.09 /233 /12.12.08 /13.1.09 395.00 954 BAS B-310265 1 395.00 English Books
      Non-fiction Mobile Library Mobile Library 16/04/2009 GDMK /113 /12.1.09 /233 /12.12.08 /13.1.09 395.00 954 BAS B-310262 2 395.00 English Books
      Non-fiction Mobile Library Mobile Library 16/04/2009 GDMK /113 /12.1.09 /233 /12.12.08 /13.1.09 395.00 954 BAS B-310263 2 395.00 English Books
      Non-fiction Patel Nagar Patel Nagar 16/04/2009 GDMK /113 /12.1.09 /233 /12.12.08 /13.1.09 395.00 954 BAS B-310264 1 395.00 English Books
      Non-fiction Patel Nagar Patel Nagar 18/10/2018 RK Books/IN1915/18-19/13-10-18/532/04-10-18/15-10-18 599.00 954 BAS B-710582 1 599.00 English Books
      Non-fiction Patel Nagar Patel Nagar 13/05/2019 Aksharesh Enterprises/0016/06-05-19/04/23-04-19/08-05-19 599.00 954 BAS B-728295 1 599.00 English Books
      Non-fiction Peshwa Road Peshwa Road 16/04/2009 GDMK /113 /12.1.09 /233 /12.12.08 /13.1.09 395.00 954 BAS B-310266 1 395.00 English Books
      Non-fiction R.K.Puram-8 R.K.Puram-8 16/04/2009 GDMK /113 /12.1.09 /233 /12.12.08 /13.1.09 395.00 954 BAS B-310268 1 395.00 English Books
      Non-fiction Sarojini Nagar Sarojini Nagar 16/04/2009 GDMK /113 /12.1.09 /233 /12.12.08 /13.1.09 395.00 954 BAS B-310267 1 395.00 English Books
      Non-fiction Sarojini Nagar Sarojini Nagar 01/04/2019 Aksharesh Enterprises/0012/27-03-19/720/16-03-19/29-03-19 599.00 954 BAS B-719516 1 599.00 English Books
      Non-fiction Shahdara Branch Shahdara Branch 16/04/2009 GDMK /113 /12.1.09 /233 /12.12.08 /13.1.09 395.00 954 BAS B-310271 1 395.00 English Books
      Non-fiction Vinoba Puri Vinoba Puri 16/04/2009 GDMK /113 /12.1.09 /233 /12.12.08 /13.1.09 395.00 954 BAS B-310269 1 395.00 English Books

© Delhi Public Library
Hit Counter
free hit counter